Baladická suita
| Format: | Book |
|---|---|
| Language: | Undetermined |
| PhysicalDescription: | 8 s. |
| Published: |
Bratislava
Smena
1964
|
| Edition: | 1. vyd. |
MARC
| LEADER | 00000nam a2200000 a 4500 | ||
|---|---|---|---|
| 001 | vtls001459982 | ||
| 003 | SK-MaSNL | ||
| 005 | 20260224202912.0 | ||
| 008 | 210928s1964 xx 0 und | ||
| 035 | |a SNK000415289 | ||
| 040 | |a SNK |b slo |c SNK |e AACR2 | ||
| 245 | 1 | |a Baladická suita | |
| 250 | |a 1. vyd. | ||
| 260 | |a Bratislava |b Smena |c 1964 | ||
| 300 | |a 8 s. | ||
| 958 | |a OND | ||
| 999 | |c 1159592 |d 1161522 | ||
| 952 | |t P60, <04>, [BOOK], {604} |a SNK |b SNK |y VYP |7 0 |p 17A0397177 |o snkSD 25413 D1 |i snkKSP 2941/64 |0 0 |1 0 |4 0 |d 2003-09-16 |l 0 |r 2005-01-02 00:00:00 |w 2026-02-24 | ||
| 952 | |a SNK |b SNK |y PREZ |7 0 |p 17A0763572 |o snkSD 25413 |0 0 |1 0 |4 0 |d 2011-11-17 |l 0 |r 2026-02-24 20:29:12 |w 2026-02-24 | ||


